000 02421nam0a2200385 4500
001 RU\NLR\bibl\1111480
005 20260407041609.0
010 _a5-94897-028-0
021 _aRU
_b2007-39612
_92123
035 _a(NLR Aleph) 001098517
090 _a1163292
_c1163292
100 _a20070720d2006 |||y0rusy50 ca
101 0 _arus
102 _aRU
105 _aab |||||||||
200 1 _aСоздание технологий и оборудования высокоэффективной экологически безопасной переработки минерального сырья и техногенных отходов (на примере объектов горнопромышленных агломераций Тувы и сопредельных регионов): сводный отчет по конкурсному проекту СО РАН № 28.4.8 (2004-2006 гг.)
_fТув. ин-т комлекс. освоения природ. ресурсов Сиб. отд-ния Рос. акад. наук
_gнауч. рук.: к.т.н. Ю. Д. Каминский
_gотв. ред.: д.г.-м.н. В. И. Лебедев
210 _aКызыл
_cТувМКОПР СО РАН
_d2006
215 _a113, [1] с.
_cил., цв. ил., карт.
_d27
313 _aв т.ч. термолиз кам. угля
320 _aБиблиогр. в подстроч. примеч.
320 _aСписок опубл. работ по тематике проекта в конце кн. (53 назв.)
606 1 _aКаменный уголь
_xТермолиз
_92485914
_3RU\NLR\auth\661475363
606 1 _aМинеральное сырье
_xПереработка
_yТыва, Республика
_92486157
_3RU\NLR\auth\661475502
606 1 _aЦветная металлургия
_91234929
_3RU\NLR\auth\66186247
686 _aК33
686 _aЛ522
702 1 _4340
_8rus
_7ca
_aЛебедев
_bВ. И.
_cд-р геол.-минерал. наук
_f1935-
_gВладимир Ильич
_3RU\NLR\AUTH\7746828
_929763
712 0 2 _4570
_aТувинский институт комплексного освоения природных ресурсов
_cКызыл
_3RU\NLR\AUTH\8810013732
_9525362
801 0 _aRU
_bNLR
_c20070720
_gRCR
801 1 _aRU
_bNLR
_c20070720
942 _cBOOK
980 _aNB